Tourist Attractions in Washington by Images - Statistics

General Stats
  • This quiz has been taken 7 times
  • The average score is 4 of 16
Answer Stats
Picture Answer % Correct
Space Needle
100%
Mount Saint Helens
75%
Mount Rainier National Park
50%
Chihuly Garden and Glass
25%
Fremont Troll
25%
Hoh Rain Forest
25%
Museum of Flight
25%
Museum of Pop Culture
25%
Olympic National Park
25%
San Juan Islands
25%
Snoqualmie Falls
25%
Ballard Locks
0%
Boeing Future of Flight​
0%
Leavenworth
0%
Riverfront Park
0%
Seattle Great Wheel
0%
No matching quizzes found
Score Distribution
Percent of People with Each Score
Percentile by Number Answered
Your Score History
You have not taken this quiz